Los cátaros: la herejía perfecta
Gardado en:
| Autor Principal: | |
|---|---|
| Formato: | Libro |
| Idioma: | Lingua castelá |
| Publicado: |
Buenos Aires
Ediciones B
2005
|
| Series: | Biografía e Historia, 2265
|
| Subjects: | |
| Tags: |
Engadir etiqueta
Sen Etiquetas, Sexa o primeiro en etiquetar este rexistro!
|
MARC
| LEADER | 00000nam a2200000 a 4500 | ||
|---|---|---|---|
| 001 | UCJ2257 | ||
| 003 | CL-VaPUC | ||
| 008 | 061201e20050000AG |||||||||||||||||spa|d | ||
| 020 | |a 8466623284 | ||
| 082 | 0 | 4 | |a 273.6 |b OSH |2 21 |
| 100 | |a O'Shea, Stephen |e autor |9 587590 | ||
| 245 | 1 | 4 | |a Los cátaros: la herejía perfecta |
| 300 | |a 411 p | ||
| 942 | |c BK | ||
| 945 | |d 20061201 00:00:00 |a jtorresc | ||
| 260 | |a Buenos Aires |b Ediciones B |c 2005 | ||
| 650 | 7 | |a CATAROS |2 CL-VaPUC |9 433906 | |
| 650 | 7 | |a HEREJIAS Y HEREJES |2 CL-VaPUC |9 266272 | |
| 650 | 0 | |a Maniqueísmo |9 322041 | |
| 650 | 7 | |a HISTORIA ECLESIASTICA |2 CL-VaPUC |9 503220 | |
| 583 | |a last modification |c 20061201 00:00:00 |k Rodrigo Vera | ||
| 490 | 0 | |a Biografía e Historia, 2265 | |
| 999 | |c 318607 |d 318605 | ||
| 952 | |0 0 |1 0 |4 0 |6 273_600000000000000_OSH_2005 |7 0 |8 A |9 396531 |a BIBTEO |b BIBTEO |d 2019-11-22 |i 4302826 |o 273.6 OSH 2005 |p 4302826 |r 2025-01-17 |w 2019-11-22 |y BK |k ICR | ||